| 000 | 01778nam a2200409 i 4500 | ||
|---|---|---|---|
| 001 | 5225988 | ||
| 003 | CZ PrSKC | ||
| 005 | 20260401090945.0 | ||
| 007 | ta | ||
| 008 | 260331s2026 xr a b 6 000 1 cze d | ||
| 020 | _a9788028415587 | ||
| 040 |
_aABG001 _bcze _erda |
||
| 041 | 1 |
_acze _heng |
|
| 072 | 7 |
_a741.52 _xKomiksy. Komiksové adaptace _2Konspekt |
|
| 072 | 7 |
_a821-93 _xLiteratura pro děti a mládež (beletrie) _2Konspekt |
|
| 080 |
_a741.52(0:82-321.5) _2MRF |
||
| 080 |
_a821-93 _2MRF |
||
| 100 | 1 |
_aPilkey, Dav, _d1966- _4aut _4ill _97542 |
|
| 240 | 1 | 0 |
_aCollaborations. _lČesky |
| 245 | 1 | 0 |
_aSuperkotě a komiksová škola. _pSpolupráce / _cnapsal, ilustroval a výtvarně zpracoval Dav Pilkey ; digitální barva Jose Garibaldi ; z anglického originálu Cat kid comic club: Collaborations přeložila Veronika Sysalová |
| 246 | 3 | 0 | _aSpolupráce |
| 250 | _aVydání první | ||
| 264 | 1 |
_aPraha : _bEuromedia Group, _c2026 |
|
| 300 |
_a223 stran : _bbarevné ilustrace ; _c22 cm |
||
| 490 | 1 | _aPikola | |
| 520 | 2 |
_aParta mladých hrdinů z komiksové školy se tentokrát učí spolupracovat. _bTeprve po splnění všech domácích prací se rozjívená parta může pustit do tvorby ještě úžasnějších mini komiksů: napínavé akce v díle Sekáčů jízda, jemně poetického haiku V podzimním rybníčku i mnoha dalších překvapení. Nakladatelská anotace. Kráceno. |
|
| 655 | 7 |
_ahumoristické komiksy _99241 |
|
| 655 | 7 | _apublikace pro děti | |
| 655 | 9 |
_ahumorous comics _99243 |
|
| 655 | 9 | _achildren's literature | |
| 700 | 1 |
_aGaribaldi, Jose, _d1978- _4clr _98957 |
|
| 700 | 1 |
_aSysalová, Veronika _4trl _910294 |
|
| 710 | 2 |
_aEuromedia Group _4pbl _920440 |
|
| 765 | 0 | _tCat kid comic club | |
| 910 | _aABG508 | ||
| 999 |
_c34118 _d34118 |
||